| 000 | 00467nam a2200181Ia 4500 | ||
|---|---|---|---|
| 001 | 8781 | ||
| 005 | 20260306160635.0 | ||
| 008 | 260306t2015||||xx |||||||||||||| ||spa|| | ||
| 041 | _aESP | ||
| 082 |
_a371.33 _bV38 |
||
| 100 |
_aVázquez-Cano, Esteban _eAUT |
||
| 245 | 0 |
_aDispositivos digitales móviles en educación: _bel aprendizaje ubicuo |
|
| 260 | _c2015 | ||
| 300 |
_a165 páginas : _c24 cm. |
||
| 650 | _aGEN | ||
| 654 | _aCED | ||
| 942 |
_cLIB _dJUS _fJUS _2ddc _n |
||
| 999 |
_c8781 _d8781 |
||